| 000 | 00690cam a2200145 4500500 | ||
|---|---|---|---|
| 005 | 20260208005828.0 | ||
| 041 | _afre | ||
| 042 | _adc | ||
| 100 | 1 | 0 |
_aRey, Pierre-Louis _eauthor |
| 245 | 0 | 0 | _aÉcritures romanesques de droite au XXe siècle. Questions d’esthétique et de poétique. Textes recueillis par CATHERINE DOUZOU et PAUL RENARD. Éditions universitaires de Dijon, 2002. Un vol. 15 × 23 de 182 p. |
| 260 | _c2005. | ||
| 500 | _a36 | ||
| 786 | 0 | _nRevue d'histoire littéraire de la France | 105 | 3 | 2005-06-01 | p. 655zzi-764zzi | 0035-2411 | |
| 856 | 4 | 1 | _uhttps://shs.cairn.info/revue-d-histoire-litteraire-de-la-france-2005-3-page-655zzi?lang=fr&redirect-ssocas=7080 |
| 999 |
_c1653995 _d1653995 |
||